[Event "Mecklenburg VP-ch HT"]
[Site "Nakenstorf"]
[Date "1999.04.01"]
[Round "4.10"]
[White "Roehl, Ivonne"]
[Black "Priess, Wolfgang"]
[Result "1/2-1/2"]
[WhiteElo "1404"]
[BlackElo "1294"]
[PlyCount "41"]
[EventDate "1999.03.31"]
[EventType "swiss"]
[EventRounds "9"]
[EventCountry "GER"]
[SourceTitle "EXT 2022"]
[Source "ChessBase"]
[SourceDate "2021.10.06"]
[SourceVersion "1"]
[SourceVersionDate "2021.10.06"]
[SourceQuality "1"]

1. d4 d5 2. c4 dxc4 3. Nc3 Nf6 4. Nf3 e6 5. Bg5 Nbd7 6. e3 c6 7. Bxc4 b5 8. Bd3 h6 9. Bh4 Bb7 10. 0-0 Be7 11. Rc1 0-0 12. Qb3 a6 13. Ne4 Ra7 14. Bxf6 Nxf6 15. Nc5 Bxc5 16. dxc5 Qe7 17. Rfd1 Rd8 18. e4 a5 19. Qc3 a4 20. Ne5 Qc7 21. Bc2 1/2-1/2